Statistiken für Fluss mit vielen Hauptstädten

Klicken Sie hier um das Quiz zu spielen!

Allgemein

  • Dieses Quiz wurde 411 mal gespielt
    (375 seit der letzten Aktualisierung)
  • Das Durchschnittsergebnis liegt bei 5 aus 8

Antwortstatistiken

FlussUnd die Hauptstädte% Korrekt
WienDonau
100%
BratislavaDonau
100%
KhartumNil
96%
BrazzavilleKongo
68%
BamakoNiger
62%
VientianeMekong
56%
MontevideoRio de la Plata
33%
LjubljanaSave
28%

Verteilung der Resultate

Perzentil nach korrekt beantworteten Fragen

Anzahl Personen mit jedem Resultat

Ihre Resultats-Entwicklung

Sie haben dieses Quiz seit der letzten Aktualisierung nicht gespielt